Ženy v štvorlístku najlepších (včera sa na ME rozhodovalo o 8 semifinalistoch)

Bibliographic Details
Format: Article
Language:Slovak
Subjects:

MARC

LEADER 00000nab a2200000 ar4500
001 vtls009006156
003 SK-MaSNL
005 20260303065729.0
008 070630c19760330xo zr|||||||||000 b|slo
015 |a SNBRB2007/07  |2 snkbucl 
038 |a SNKBUCL 
040 |a SNKBUCL  |b slo  |c SNKBUCL  |e AACR2 
041 0 |a slo 
044 |a xo  |c SK 
080 |a 796.386.093.1  |x (4)  |2 2001 
245 0 0 |a Ženy v štvorlístku najlepších  |b (včera sa na ME rozhodovalo o 8 semifinalistoch) 
611 2 7 |a Majstrovstvá Európy v stolnom tenise  |d (1976 :  |c Praha, Česko)  |2 snkbucl  |9 1066186 
650 0 7 |a stolný tenis  |2 snkbucl  |9 25562 
773 0 |t Šport  |g (30.3.1976), s. 1 
852 |a SNK  |b KIS3GCP 
958 |a SK 
999 |c 1752397  |d 1754327